MDQL
is popping MORE tags! Check the
thread
!
Quizzes
Events
Quiz Creation
Community
Videos
Private Events
Remove Ads
Sign In
Join for FREE
Feedback
Dark Mode
Quiz Categories
Sports
Geography
Music
Movies
Television
Just For Fun
Miscellaneous
History
Literature
Language
Science
Gaming
Entertainment
Religion
Holiday
For Kids
Quiz Lab
Recent
Popular Today
Quiz Kudos Today
Editor Picks
Curator Picks
Quizzes by...
Day
Popularity
Type
Ratings
Length
Year
Community
Subscriptions
Recent Discussions
Orange Saloon
Badges
Playlists
Quests
Create
Leaderboards
Showdown
Live 5
Trivia Bingo
Activity
Puzzle Library
Sporcle Events
Private Events
Virtual Trivia
Globe League
Become a Host
Pub Owners
SporcleCon
Opinionation
Our Games
Videos
Blog
Mobile Apps
Partnerships
Remove Ads and Go Orange
Feedback
History
US Presidents
World Leaders
Politics
Nation
Discovery
War
Decade
Year
Century
Biography
Art
History
US Presidents
World Leaders
Politics
Nation
Discovery
War
Decade
Year
Century
Biography
Art
Random Quiz
Search Sporcle
×
Quiz Lab
Quiz Lab
History
United States
Type in answers that appear in a list
Type in answers that appear in a list
Classic
Best Score? Go Orange.
Civil Rights Blitz Stats
Can you name the answers to these civil-rights questions??
By
fishonabilberry
3m
36 Questions
118 Plays
118 Plays
118 Plays
Comments
Comments
Give Quiz Kudos
Give Quiz Kudos
-
- Ratings
hide this ad
Random Order
Randomize order of answers
Randomize order of answers
Replay
Link that replays current quiz
Next Quiz
Link to next quiz in quiz playlist
You Got
0%
They Got
Avg Score
26%
Avg Friend Score
Upgrade to see
Score Distribution
Jump to the score distribution portion of the page
Score
0/36
Timer
03:00
0
Plays Today
Clue
Answer
% Correct
President following Kennedy's assassination
Lyndon Johnson
67.8%
Martin Luther King is assassinated this year
1968
67.8%
President 1953-
61, nicknamed 'Ike'
Dwight Eisenhower
60.2%
President in the final years of the Vietnam War
Richard Nixon
55.9%
President during WWII
Franklin D Roosevelt
48.3%
Civil rights organisation formed 1909?
NAACP
47.5%
Brown wins his case against Topeka Board of Education in which year?
1954
45.8%
Nine black students enrol at this school in Arkansas in 1957
Little Rock
43.2%
This black power group gains 5,000 members
The Black Panthers
42.4%
Martin Luther King emerges as the leader of the civil rights campaign after the arrest of...
Rosa Parks
41.5%
President during the Berlin Blockade
Harry S Truman
37.3%
A bus in burnt in this state during the freedom ride tactic of the early 60's
Alabama
37.3%
The music festival that is the climax of the hippy movement is called what?
Woodstock
34.7%
In 1970 four people are shot dead at which university?
Kent State
34.7%
King targets this town in Alabama to encourage black people to register for the vote
Selma
30.5%
The Equal Pay Act is passed in which year?
1963
28%
This teenager is killed in Mississippi in 1955
Emmett Till
25.4%
What year is Roe vs Wade concluded?
1973
22.9%
Clue
Answer
% Correct
China officially becomes a communist state this year
1949
21.2%
Coins the phrase 'black power'
Stokely Carmichael
20.3%
Writes 'The Feminine Mystique'
Betty Friedan
19.5%
34 people killed and 1,000 buildings destroyed in which city, 1965?
Watts
18.6%
Malcolm X returns from where a changed man?
Mecca
17.8%
Riots break out where in June 1943?
Detroit
16.9%
Two black medallists hold the black power salute at the '68 Olympics in which city
Mexico City
14.4%
The sit-
in tactic was first used in which city, South Carolina?
Greensboro
11.9%
Organised the March on Washington 1941 for equal employment rights?
Philip Randolph
8.5%
The double 'what' campaign was started in 1942 and lasted throughout WWII?
v
8.5%
Tom Hayden forms this organisation in 1959
SDS
7.6%
National Organisation for Women proposes what political change in 1967?
Equal Rights Amendment
7.6%
American organisation that investigates the Hollywood 10?
HUAC
6.8%
The name of King's last speech, 1968
I Have Been To The Mountaintop
4.2%
Lundberg publishes this book in 1947
The Lost Sex
0.8%
President Johnson abolished the what in 1966, leading to huge protest especially among the student population?
Draft deferment
0.8%
Radical feminist organisation which burns bras in San Francisco
Women's Liberation Movement
0%
Which female politician opposes STOP ERA?
Phyllis Schlafy
0%
Quiz Playlist
Details
Report
Send in Message
Add To Playlist
Classic:
Type in answers that appear in a list
Random Order:
Randomize order of answers
Last Updated: Feb 16, 2017
Quiz Scoreboard
CHALLENGE
Sign Up to Join the Scoreboard
Show All
Scores
Hide
Comments
May contain spoilers
Recently Published
5x2 Blitz: Bands
by SL_Kpop136
Music
30s
Colored Red Africa Blitz
by spor1
Geography
30s
Find the 'City' Movie
by crazypaving
Movies
60s
More to Explore
Quiz From the Vault
Featured Blog Post
14 Easter Pick-up Lines to Find Eggs With
hide this ad
You Might Also Like...
Tags
United States Quiz
1940s
1960s
America
Civil
gcse
Today's Top Quizzes in History
Browse History
hide this ad
Today's Top Quizzes in United States
Browse United States
Top Contributed Quizzes in History
1
Popular People in 1991
2
US National Parks Named After People
3
Order Up: 1000 Years of World Events I
4
Popular People in 1981
5
Popular People in 1951
6
Popular People in 1941
7
Popular People in 1986
8
Popular People in 1921
9
Popular People in 1976
10
Magic 10 Blitz: U.S. Presidents
Explore More
Trending Topics
Crossword
Harry Potter
Marvel
Kpop
Disney
Anime
NBA
Pokémon
Soccer
WWE
Song
NFL
Country
Puzzle
The Office
hide this ad
More By:
fishonabilberry
Quiz
Plays
Rating
Category
Featured
Created
European Countries that received Marshall Aid
232
3.80
History
Jun 9, 2011
Civil Rights Blitz
118
History
Jun 6, 2011
Latin AS OCR vocab verbs I
27
Language
Sep 11, 2011
Latin AS OCR vocab nouns I
21
Language
Sep 11, 2011
Latin A2 Verse Vocab
21
3.00
Language
Oct 30, 2012
Go to Creator's Profile
Score Distribution
Quiz Creator Spotlight
fishonabilberry
Follow
Send a Message
Quizzes Created
-
Created Quiz Play Count
-
More By This Creator
Popular Quizzes Today
1
Find the 'City' Movie
2
Colored Red Africa Blitz
3
Find the US States - No Outlines Minefield
4
5x2 Blitz: Bands
5
The Countries of the World
6
Find the US States
7
US States
8
9x9 Crossword: Cartoon Network
More History Quizzes
Protests Around the World
Editor's Pick
Trending Quizzes
Colored Red Europe Blitz I
Colored Red Africa Blitz II
Colored Red Europe Blitz II
Colored Red Africa Blitz III
Colored Red Europe Blitz III
Recently Updated
Famous TV Couples
Peacemaker
Champions League XIs: Real Madrid
pecheneg
Largest US Cities 1790-2010
pecheneg
Rides in Walt Disney World
pecheneg
Most Oscar Losses (Acting)
pecheneg
Beyoncé Albums
pecheneg
Leaping Animals
pecheneg
Reality TV Shows (A-Z)
bhenderson79
Rickey Henderson's Hall of Fame Teammates
pecheneg
Champions League XIs: Arsenal
pecheneg
Trending Topics
Disney
Marvel
Kpop
Crossword
Anime
NBA
Harry Potter
NFL
Puzzle
WWE
Country
The Office
Pokémon
Song
Soccer
Your Account Isn't Verified!
In order to create a playlist on Sporcle, you need to verify the email address you used during registration. Go to your
Sporcle Settings
to finish the process.
Report this User
Report this user for behavior that violates our
Community Guidelines
.
Details:
Send Report
Go to the Sporcle.com Mobile Site →
Comments